Systém pre meranie koncentrácie glukózy v krvi
Salvato in:
| Autore principale: | |
|---|---|
| Altri autori: | |
| Natura: | Manoscritto Libro |
| Lingua: | slovacco |
| Pubblicazione: |
2016
|
| Soggetti: | |
| Accesso online: | http://is.stuba.sk/zp/portal_zp.pl?podrobnosti=131012 |
| Tags: |
Nessun Tag, puoi essere il primo ad aggiungerne!!
|
MARC
| LEADER | 00000ntm a22000003a 4500 | ||
|---|---|---|---|
| 001 | stuzp57850 | ||
| 003 | SK-STU | ||
| 005 | 20160803123023.6 | ||
| 007 | ta | ||
| 008 | 150427s2015----xo-----f-mn---000-0-slo-d | ||
| 040 | |a STU |b slo | ||
| 041 | 0 | |a slo | |
| 044 | |a xo | ||
| 100 | 1 | |a Pollák, Boris |u 031000 |k Z4 |4 aut |U FEI Fakulta elektrotechniky a informatiky |T FEI Ústav robotiky a kybernetiky |X 6184 |U E011 |Y 356 |7 A000006184 | |
| 242 | 0 | 1 | |a The system for measuring the concentration of glucose |y eng |
| 245 | 1 | 0 | |a Systém pre meranie koncentrácie glukózy v krvi |
| 260 | |c 2016 | ||
| 300 | |a 47 s., príl., |b CD-ROM | ||
| 650 | 4 | |a glukóza |2 slo | |
| 650 | 4 | |a SIM908 |2 slo | |
| 650 | 4 | |a inzulín |2 slo | |
| 650 | 4 | |a GSM |2 slo | |
| 650 | 4 | |a Atmega328 |2 slo | |
| 650 | 4 | |a Bergmanov minimálny model |2 slo | |
| 650 | 4 | |a Bergman's minimal model |2 eng | |
| 650 | 4 | |a glucose |2 eng | |
| 650 | 4 | |a Atmega328 |2 eng | |
| 650 | 4 | |a insulin |2 eng | |
| 700 | 1 | |a Murgaš, Ján |u 031000 |k Z1 |4 ths |U FEI Fakulta elektrotechniky a informatiky |T FEI Ústav robotiky a kybernetiky |X 4933 |U E011 |Y 356 |7 A000004933 | |
| 856 | 4 | |u http://is.stuba.sk/zp/portal_zp.pl?podrobnosti=131012 | |
| 996 | |b 284EP11408 |c E*DIPL- 11408 |l EE31 |s P |a 0 |w stuzp57850_0001 | ||
| SQL | |a stuzp57850 |b DDP |c SLO |d Systém pre meranie koncentrácie glukózy v krvi. |e 6184 |f Pollák, Boris |g 031000 |h 4933 |i Murgaš, Ján |j 20160614 |k 1174 |l 03 |m http://is.stuba.sk/zp/portal_zp.pl?podrobnosti=131012 |n I-RK |o 9.2.7. kybernetika | ||